000 00644nam a22002297a 4500
005 20260515114959.0
008 231012b ||||| |||| 00| 0 eng d
020 _a9789391060596
040 _aIN-DiNC
_cIN-DiNC
041 _dasm
082 _a306.83
_bSOC
245 _aSociology of kinship/
_cby Moushumi Bordoloi and others
250 _a1st ed.
260 _aDibrugarh:
_bBanalata,
_c2021.
300 _a179p.
650 _aFamily, household and marriage
700 _aBordoloi, Moushumi
_eauthor
700 _aDasgupta, Piyali
_eauthor
700 _aBorah, Priyanka
_eauthor
700 _aWeingken, Lawn
_eauthor
942 _2ddc
_cBK
999 _c11681
_d11681